Речник на термините по естетика (Запис номер 9332)
[ съкратено ]
| 000 -Лидер | |
|---|---|
| Контролно поле с фиксирана дължина | 01130nam a2200337 a 4500 |
| 003 - Код на организацията, давaща контролен номер | |
| Контролно поле | BLK |
| 005 - Дата и час на последна редакция | |
| Контролно поле | 20230720163904.0 |
| 008 - Елементи от данни с фиксирана дължина | |
| fixed length control field | 180412b bul|||||r ||||||| ||bul|| |
| 010 ## - Наследен системен номер | |
| LC control number | KNG00010745000 |
| 020 ## - Международен стандартен номер на книга ISBN | |
| Международен стандартен номер на книга ISBN | 954-18-0053-Х |
| 040 ## - Източник на каталожния запис | |
| Идентификатор на билиотеката - собственик на записа | BLK |
| 041 ## - Код за език | |
| Код за езика на текст/звукозапис или на отделно заглавие | Български |
| Код за езика КДБФ | Български |
| 080 ## - УДК | |
| Текстов определител УДК | Естетика |
| УДК код - определител по УДК | 18 |
| УДК определител | (03) |
| УДК - код + определител | 18(03) |
| 100 1# - Редна дума - Автор | |
| Автор | Ангелов, Валентин Ангелов |
| Авторска отговорност | първи автор |
| R(LIN) | 254321 |
| 139 ## - Редно поле | |
| Редна дума | Ангелов, Валентин Ангелов |
| Авторски знак | Ан - А 64 |
| 245 10 - Сведения за заглавието | |
| Заглавие | Речник на термините по естетика |
| Редно поле (дума) | Валентин Ангелов. |
| 257 ## - Страна на издаване | |
| Страна на създаване/издаване | България |
| 260 ## - Област на издателските данни | |
| Име на издателя, разпространителя и проч. | Булвест 2000 |
| Година на издаване | 1995 |
| Място на издаване, разпространение и проч. | София |
| 300 ## - Физическа характеристика | |
| Страници | 296 с. |
| Размери/Мащаб | 20 см |
| 380 ## - Жанр | |
| Жанр | Философия |
| 650 #4 - Допълнително описание по предмет – тема | |
| Основно описание – тема или топоним | Естетика - терминология - речници |
| 9 (RLIN) | 254322 |
| 653 ## - Ключова дума – ненормативна | |
| Ключова дума | естетика |
| 653 ## - Ключова дума – ненормативна | |
| Ключова дума | терминологични речници |
| 852 ## - Местоположение | |
| Форматна сигнатура | Цб 185766 |
| Фондова буква | Хранилище |
| 856 4# - Електронен адрес и достъп | |
| Електронен формат | pdf - файл |
| Път до файла /url/ | |
| 856 4# - Електронен адрес и достъп | |
| Електронен формат | pdf - файл |
| Път до файла /url/ | |
| 942 ## - АРТИКУЛИ | |
| Вид на библиотечния материал | Книги |
| Скрит в OPAC | Не |
| 944 ## - СЪЗДАВАНЕ И РЕДАКЦИЯ на ЗАПИСА | |
| Създаване/Редакция | Създаване |
| Дата на регистрацията/редакция | 15.01.2003 |
| Служител, извършил регистрацията/редакцията | 30542 |
| Статус, дата на статуса | Русанова Ирена |
| 944 ## - СЪЗДАВАНЕ И РЕДАКЦИЯ на ЗАПИСА | |
| Създаване/Редакция | Редакция |
| Дата на регистрацията/редакция | 18.11.2015 |
| Служител, извършил регистрацията/редакцията | Нора_Радева |
| 999 ## - СИСТЕМНИ КОНТРОЛНИ НОМЕРА | |
| Koha biblionumber | 9332 |
| Koha biblioitemnumber | 9332 |
| 999 ## - СИСТЕМНИ КОНТРОЛНИ НОМЕРА | |
| Koha biblioitemnumber | 9332 |
| Код за отписване | Код за изгубен артикул | Източник на класификационната схема | Код за повреда | Коз за рестрикции | Код за отдаване | Артикулен № | Име на библиотеката - собственик | Име на библиотеката, в която се намира в момента | Статус (Текущо местоположение) | Дата на вписване в системата | Местоположение - отдел | Цена в лева | Инвентарен номер | Систематично азбучна сигнатура | Баркод | Номер на екземпляра | Цена в евро | Служебна бележка | Служебен тип на артикула |
|---|---|---|---|---|---|---|---|---|---|---|---|---|---|---|---|---|---|---|---|
| Не е изгубен | Universal Decimal Classification | Не е повреден | само за читалня | ползва се в читалня | 16198 | Регионална библиотека "Любен Каравелов" Русе | Регионална библиотека "Любен Каравелов" Русе | Изкуство - справочен фонд | 1995-01-01 | Изкуство - справочен фонд | 1.08 | 619628 | СИ 1/А 64 | 120000619628 | 1 | 0.55 | Дост: Pk Вид: Ф N: стар фонд Дата: 01.01.1995 Дата инв: 15.06.2017 Бележки инв: СИ2017 | Книги | |
| Не е изгубен | Universal Decimal Classification | Не е повреден | само за читалня | ползва се в читалня | 16199 | Регионална библиотека "Любен Каравелов" Русе | Регионална библиотека "Любен Каравелов" Русе | Хранилище | 1995-01-01 | Хранилище | 0.00 | 619938 | Цб 185766 | 120000619938 | 2 | 0.00 | Дост: Dp Вид: Д N: 3 Дата: 01.01.1995 | Книги | |
| Не е изгубен | Universal Decimal Classification | Не е повреден | само за читалня | ползва се в читалня | 16200 | Регионална библиотека "Любен Каравелов" Русе | Регионална библиотека "Любен Каравелов" Русе | СБИД | 1995-01-01 | СБИД | 1.35 | 631272 | С 1(038)/А 64 | 120000631272 | 3 | 0.69 | Дост: Pk Вид: Ф N: стар фонд Дата: 01.01.1995 Дата инв: 05.06.2017 Бележки инв: С2017 | Книги | |
| Изтеглен | Не е изгубен | Universal Decimal Classification | Не е повреден | без рестрикции | ползва се в читалня | 16201 | Регионална библиотека "Любен Каравелов" Русе | Регионална библиотека "Любен Каравелов" Русе | Заемна - справочен фонд | 1995-01-01 | Заемна - справочен фонд | 12.15 | 631273 | СП 18(038)/А 64 | 120000631273 | 4 | 6.21 | Дост: Pk Вид: Ф N: стар фонд Дата: 01.01.1995 Дата инв: 15.02.2018 Бележки инв: СП2018 | Книги |
| Не е изгубен | Universal Decimal Classification | Не е повреден | без рестрикции | ползва се в читалня | 16202 | Регионална библиотека "Любен Каравелов" Русе | Регионална библиотека "Любен Каравелов" Русе | Детски отдел - справочен фонд | 1995-01-01 | Детски отдел - справочен фонд | 1.35 | 631274 | СД 1(038)/А 64 | 120000631274 | 5 | 0.69 | Дост: Pk Вид: Ф N: стар фонд Дата: 01.01.1995 Дата инв: 20.11.2017 Бележки инв: СД2017 | Книги |